| 000 | 00687nam a2200217 a 4500 | ||
|---|---|---|---|
| 999 |
_c4172 _d4172 |
||
| 001 | 4172 | ||
| 003 | BD-JhCC | ||
| 005 | 20171125102234.0 | ||
| 008 | 171123s2002 b ||||| |||| 00| 0 ben d | ||
| 020 | _a9845552900 | ||
| 035 | _a(BD-JhCC) | ||
| 040 |
_aBD-JhCC _dBD-JhCC |
||
| 041 | _aben | ||
| 082 |
_a891.4409 _bBAS 2002 |
||
| 100 | _a বাসার, আফজালুল | ||
| 245 |
_aনজরুল ইসলামের সাহিত্য ভাবনা / _cআফজালুল বাসার |
||
| 260 |
_aঢাকা : _bনজরুল ইন্সটিটিউট, _c২০০২ |
||
| 300 |
_a134 p. : _c22cm. |
||
| 650 | _aBengali Literature | ||
| 942 |
_2ddc _cBK |
||